Poesie /

Guardat en:
Dades bibliogràfiques
Autor principal: Gozzano, Guido (Autor)
Altres autors: Spagnoletti, Giacinto
Format: Llibre
Idioma:italià
Publicat: La Spezia : Club del libro fratelli Melita, 1981
Col·lecció:Letteratura ; 23
Etiquetes: Afegir etiqueta
Sense etiquetes, Sigues el primer a etiquetar aquest registre!

MARC

LEADER 00000nam a22000007i 4500
001 IT\ICCU\SBL\0311464
003 ItRI
005 20241231112152.0
008 910930s1981 it |||||| ||||| |||||c
015 |2 IT  |a 831817 
040 |b ita  |c Arcigay Rimini  
041 7 |a ita  |2 ISO-639-2 
082 |a 851.9  |2 18 
082 |a 851.912  |2 21 
100 1 |a Gozzano, Guido  |0 IT\ICCU\CFIV\002861  |4 aut 
245 1 0 |a Poesie /  |c Guido Gozzano ; a cura di Giacinto Spagnoletti. 
260 |a La Spezia :  |b Club del libro fratelli Melita,  |c 1981 
300 |a 237 p. ;  |c 22 cm 
500 |a Contiene: La via del rifugio, I colloqui, Le farfalle, Poesie sparse. 
700 1 |a Spagnoletti, Giacinto  |0 IT\ICCU\CFIV\017709 
830 0 |a Letteratura ;  |v 23  |0 IT\ICCU\SBL\0310287 
942 |2 ddc  |c BK 
952 |0 0  |1 0  |2 ddc  |4 0  |6 851_912000000000000_GOZ_POE  |7 1  |9 2573  |a RN  |b RN  |d 2024-12-31  |l 0  |o 851.912 GOZ POE  |p 10017  |r 2024-12-31 11:22:32  |w 2024-12-31  |y BK 
981 1 |6 z01  |a i   |b xxxe  
982 1 |6 z01  |a n 
999 |c 2232  |d 2232